UBT Library

The complete speaker : (Record no. 1337)

000 -LEADER
fixed length control field 00618nam a22002057a 4500
008 - FIXED-LENGTH DATA ELEMENTS--GENERAL INFORMATION
fixed length control field 151022b xxu||||| |||| 00| 0 eng d
020 ## - INTERNATIONAL STANDARD BOOK NUMBER
International Standard Book Number 0314934391
041 0# - LANGUAGE CODE
Language code of text/sound track or separate title eng
080 ## - UNIVERSAL DECIMAL CLASSIFICATION NUMBER
Universal Decimal Classification number 001.8
100 1# - Rafti
Rafti Peterson, Brent D.
245 14 - TITLE STATEMENT
Title The complete speaker :
Statement of responsibility, etc Brent D. Peterson, Eric G. Stephan, Noel D. White.
250 ## -
-- 3rd ed.
260 ## -
-- St. Paul :
-- West Pub. Co.,
-- 1992.
300 ## -
-- xix, 359 f. :
-- me il.;
-- 26 cm.
650 #0 -
-- Të folurit publik
700 1# -
-- Stephan, Eric G.
700 1# -
-- White, Noel D.
700 1# -
-- Peterson, Brent D.
942 ## - ADDED ENTRY ELEMENTS (KOHA)
Source of classification or shelving scheme
Item type Books
Holdings
Withdrawn status Lost status Source of classification or shelving scheme Damaged status Not for loan Collection code Permanent location Current location Shelving location Date acquired Total Checkouts Full call number Barcode Date last seen Koha item type
          Koleksioni i përgjithshem UBT - Lipjan UBT - Lipjan Koleksioni i përgjithshem 10/22/2015   001.8 PET 002-008734 10/22/2015 Books
UBT Library © 2015-2024. All rights reserved University Education for Business and Technology